Sports Quiz

Random Sports or NCAA Quiz
Score 0/25 Timer 06:00
0 Plays Today
Rank Team % Correct
1.Alabama
98.6%
2.Oregon
96.6%
6.Florida State
93.2%
4.Ohio State
92.6%
17.Florida
91.9%
10.Louisiana State
88.5%
3.Clemson
87.8%
9.Texas A&M
86.5%
12.Oklahoma
85.1%
18.Michigan
85.1%
7.Georgia
84.5%
16.Washington
83.8%
11.UCLA
82.4%
Rank Team % Correct
13.Miami
80.4%
22.Oklahoma State
79.7%
5.Stanford
79.1%
14.South Carolina
74.3%
20.Texas Tech
71.6%
8.Louisville
69.6%
19.Northwestern
68.9%
15.Baylor
66.2%
24.Virginia Tech
60.1%
25.Missouri
58.1%
21.Fresno State
50%
23.Northern Illinois
37.8%
Remove Ads.
Support Sporcle.
Get the best of Sporcle when you Go Orange. This ad-free experience offers more features, more stats, and more fun while also helping to support Sporcle. Thank you for becoming a member.

You're not logged in!

Compare scores with friends on all Sporcle quizzes.
OR
Log In

Show Comments

Extras

Top Quizzes Today


Score Distribution

Your Account Isn't Verified!

In order to create a playlist on Sporcle, you need to verify the email address you used during registration. Go to your Sporcle Settings to finish the process.

Report this User

Report this user for behavior that violates our Community Guidelines.

Details: